Géographie de la Suisse par A - Statistiques

Statistiques générales
  • Ce quiz a été pris 174 fois
    159 depuis la dernière actualisation
  • Le résultat moyen est 11 sur 21
Statistiques - réponses
Hint Réponse % Correct
Pays voisin de la suisse le plus peuplé Allemagne
100%
Chaine de montagne qui traverse le pays Alpes
98%
Autre pays voisin Autriche
98%
Plus grand affluent du Rhin en Suisse Aar
83%
Nom de canton en français Argovie
76%
Fromage suisse le plus connu avec le gruyère Appenzell
73%
Canton et ville suisse venant de cette rivière (nom germanophone) Aarau
66%
Alcool neuchâtelois prohibé jusqu'en 2005 Absinthe
56%
Liqueur de fruit valaisanne Abricotine
54%
Demi canton suisse catholique Appenzell rhodes intérieur
52%
Demi canton suisse protestant Appenzell rhodes extérieur
50%
Sauteur à ski quadruple médaillé olympique: Simon _______ Ammann
43%
Station de ski connu pour son slalom géant (BE) Adelboden
38%
Ville vaudoise, siège mondial de l'UCI Aigle
37%
Vallée et commune suisse contenant Grimentz, Saint Luc, Zinal Anniviers
30%
Affluent genevois du Rhône prenant sa source au Mont-Blanc Arve
29%
Commune tessinoise au pied du Gothard Airolo
20%
Commune alpestre et caserne militaire montagnarde (UR) Andermatt
17%
Marque de luxe venant de la vallée de joux (VD) Audemars Piguet
17%
Col des grisons reliant l'Engadin à Bergün Albula
10%
Cycliste suisse Michael _______ Albasini
8%
Aucun quiz correspondant
Distribution des résultats
% des personnes avec chaque résultat
Percentile par nombre de réponses
Votre historique - résultats
Vous n’avez pas pris ce quiz depuis la dernière actualisation